[Event "22nd Hoogeveen Open 2018"]
[Site "Hoogeveen"]
[Date "2018.10.20"]
[Round "1"]
[White "Safarli, Eltaj"]
[Black "Giacomini, Hector"]
[Result "1-0"]
[WhiteElo "2676"]
[BlackElo "2178"]
[Annotator "TA"]
[PlyCount "117"]
[EventDate "2018.10.20"]
[EventType "swiss"]
[EventCountry "NED"]
[SourceTitle "playchess.com"]
[Source "ChessBase"]
[SourceQuality "1"]

{[%evp 25,117,16,33,26,45,19,25,20,50,45,69,16,11,11,10,16,41,43,50,50,51,43,43,14,30,39,39,31,33,17,17,17,14,12,50,39,106,76,70,39,45,37,56,46,56,60,61,59,114,105,107,111,122,127,120,117,151,122,120,120,158,168,162,169,287,287,287,281,395,385,581,534,648,625,604,607,578,581,577,543,520,508,2488,2277,2361,1950,7638,9905,12842,11585,12844,12844,12845,12845]} 1. e4 c6 2. d4 d5 3. exd5 cxd5 4. c4 Nf6 5. Nc3 e6 6. Nf3 Be7 7. cxd5 Nxd5 8. Bd3 Nc6 9. O-O O-O 10. Re1 Bf6 11. Be4 Nce7 12. Qd3 h6 13. Ne5 Bd7 {LiveBook: 5 Games. D42: Queen's Gambit Declined: Semi-Tarrasch: 5 cxd5 Nxd5 6 e3 Nc6 7 Bd3} (13... Nxc3 14. Qxc3 Nf5 15. Be3 Rb8 16. Bf4 g5 17. Bxf5 gxf4 18. Be4 Bg7 19. Rad1 Bd7 20. Qf3 Bb5 21. Bxb7 Qg5 22. b3 {0-1 (61) Gelfand,B (2743)-Wang,Y (2720) Beijing 2014}) 14. Qg3 Bc6 15. Nxc6 bxc6 {The position is equal.} 16. Bxh6 Bxd4 $146 ({Predecessor:} 16... Qb6 17. Be3 Qxb2 18. Na4 Qa3 19. Nc5 {1-0 (19) Gnuechtel,A (2182)-Mangold,W (2265) Remote email 2012}) 17. Bg5 {Threatens to win with Qh4.} Bf6 18. Qh4 (18. Nxd5 $14 Nxd5 19. Qh4) 18... Nf5 $11 19. Bxf5 exf5 20. Bxf6 Qxf6 21. Qxf6 Nxf6 22. Re5 g6 23. Rc5 Rac8 24. Ra5 Rc7 25. Rd1 $36 {[%mdl 2048] White fights for an advantage.} Re8 26. Kf1 Kg7 27. f3 Re6 28. Kf2 Rce7 29. Rd2 Ne8 30. Ne2 Kf6 (30... Re5 $1 $14 31. Rxe5 Rxe5) 31. Nf4 Rd6 32. Rc2 Red7 33. b3 Ke7 34. Ra6 Rc7 35. h4 Nf6 36. Rc5 Kd8 ({Black should try} 36... Kf8 $14) 37. Rca5 $1 $16 Rdd7 38. h5 Nxh5 39. Nxh5 gxh5 40. Rxf5 Rd5 41. Rxd5+ cxd5 {[%mdl 4096] Endgame KR-KR} 42. Ke3 $1 Rc2 {[#]} 43. g3 $1 ({Much less strong is} 43. Rxa7 $6 Rxg2 44. Ra5 (44. Rxf7 Rxa2 45. f4 Rb2 $11) 44... h4 $16) 43... Ke7 44. Kf4 Rc7 (44... Re2 $142 45. Rxa7+ Ke6) 45. Ke5 $18 Rd7 46. Kd4 f6 (46... Rb7 $142 47. Kxd5 Kf8) 47. b4 {[%cal Bb3b4,Bb4b5][%mdl 32]} Kf7 (47... f5 {might work better.} 48. Rh6 Rc7 49. Kxd5 (49. Rxh5 Kf6 $18) 49... Rc3 50. Rxh5 Rxf3 51. Rh7+ Kf6 52. Rxa7 Rd3+ 53. Kc5 Rc3+ 54. Kd4 Rxg3 55. Ra6+ Ke7) 48. a4 {[%cal Ba2a4,Ba4a5,Ba5a6][%mdl 32] White is clearly winning.} Kg6 49. b5 Kg5 50. a5 f5 {If only Black now had time for ...f4....} 51. f4+ Kg4 52. Rg6+ Kf3 {[#]} 53. a6 $1 h4 (53... Rd8 $142 54. Rg7 Rb8) 54. gxh4 Kxf4 55. h5 {[%cal Bh4h5,Bh5h6,Bh6h7][%mdl 32]} Kf3 56. h6 f4 57. Rg7 Rd6 58. h7 Rh6 59. b6 {Precision: White = 74%, Black = 41%.} 1-0

[Event "22nd Hoogeveen Open 2018"]
[Site "Hoogeveen"]
[Date "2018.10.20"]
[Round "1"]
[White "Romanov, Evgeny"]
[Black "Ingebretsen, Jens E"]
[Result "1-0"]
[WhiteElo "2614"]
[BlackElo "2160"]
[Annotator "TA"]
[PlyCount "41"]
[EventDate "2018.10.20"]
[EventType "swiss"]
[EventCountry "NED"]
[SourceTitle "playchess.com"]
[Source "ChessBase"]
[SourceQuality "1"]

{[%evp 11,41,-52,3,-10,11,0,7,9,5,1,14,0,0,3,31,26,103,108,80,19,116,108,114,112,156,147,233,236,418,421,441,454]} 1. b3 e5 2. Bb2 Nc6 3. c4 Nf6 4. d3 d5 5. cxd5 Nxd5 6. Nf3 {A01: Nimzowitsch-Larsen Opening} Bd6 {LiveBook: 3 Games} ({Better is} 6... Bg4 $15 7. e3 Bb4+ 8. Nbd2 O-O) 7. g3 O-O 8. Bg2 {The position is equal.} Bg4 (8... Nb6 9. O-O Bg4 10. h3 Bh5 11. Nbd2 Kh8 12. a3 f5 13. b4 Qe7 14. Nh4 Nd4 15. Bxd4 exd4 16. Re1 f4 17. g4 Bxg4 18. hxg4 Qxh4 19. Bf3 Nd7 {½-½ (19) Romanov,E (2614)-Motylev,A (2661) Sochi 2018}) 9. Nbd2 Qd7 10. O-O $146 ({Predecessor:} 10. Ng5 Nde7 {0-1 (39) Pereira,A (1717)-Braga,J (1911) Montevideo 2015}) 10... Rfe8 11. Rc1 Rad8 12. a3 Nf6 13. b4 {[%cal Bb3b4,Bb4a5][%mdl 32]} Nd4 (13... a6 $11) 14. Nxd4 $16 exd4 15. Nf3 ({White should try} 15. Re1 $16) 15... c6 (15... Qe7 $11 {keeps the balance.}) 16. Bxd4 Qe6 17. e3 ({Don't play} 17. Bxa7 $6 Qxe2 18. Qxe2 Rxe2 $11) 17... a5 18. bxa5 Bxa3 (18... Ra8 $16 {was called for.}) 19. Rb1 $18 Rd5 $2 {[#]} (19... Qe7 20. Qa4 Bf5) 20. Qa4 Bf8 21. Bxf6 {Precision: White = 65%, Black = 23%.} 1-0

[Event "22nd Hoogeveen Open 2018"]
[Site "Hoogeveen"]
[Date "2018.10.20"]
[Round "1"]
[White "Kryakvin, Dmitry"]
[Black "Rubingh, Otto"]
[Result "1-0"]
[WhiteElo "2595"]
[BlackElo "2154"]
[Annotator "TA"]
[PlyCount "55"]
[EventDate "2018.10.20"]
[EventType "swiss"]
[EventCountry "NED"]
[SourceTitle "playchess.com"]
[Source "ChessBase"]
[SourceQuality "1"]

{[%evp 9,54,39,36,35,40,47,50,29,61,38,66,37,70,51,63,45,27,33,41,16,26,16,25,24,96,92,86,20,35,41,38,54,49,52,240,226,315,344,349,375,364,354,372,370,1310,1277,29999]} 1. d4 e6 2. c4 f5 3. g3 Nf6 4. Bg2 Bb4+ 5. Bd2 Be7 6. Nf3 {A90: Dutch Defence: Miscellaneous and Modern Stonewall (with ...Bd6)} d6 7. O-O O-O 8. Nc3 {White is slightly better.} Qe8 9. b4 Qh5 $146 ({Predecessor:} 9... Nbd7 10. Qc2 Qg6 11. c5 Ne4 12. Nb5 Bd8 13. cxd6 cxd6 14. Bf4 Be7 15. Nd2 Nxd2 16. Qxd2 {0-1 (33) Iotov,V (2414)-Amin,B (2434) Heraklio 2004}) 10. c5 Ne4 11. Rc1 a5 12. a3 {[%cal Ba2a3,Ba3b4,Bb4b5][%mdl 32]} axb4 13. axb4 Bf6 14. Be3 Nxc3 15. Rxc3 Nc6 16. Qb3 $36 {[%mdl 2048] Black is under pressure.} Kh8 (16... Ne7 $11 {remains equal.}) 17. b5 $16 Ne7 18. Nd2 (18. b6 $16) 18... e5 19. cxd6 cxd6 20. dxe5 dxe5 21. Rc7 {Strongly threatening Bc5.} f4 $2 {[#]} (21... e4 $14) 22. Bc5 $1 $18 {[%cal Rc5e7]} ({Less strong is} 22. gxf4 Nf5 $16) 22... Rd8 23. Bxe7 Bxe7 24. Rxe7 Rxd2 25. Qc3 Rd4 26. Qc7 Bf5 $2 (26... Bg4 27. Rxe5 Qg6 28. Qxb7 Rg8) 27. Qxe5 {[%csl Ge7][%cal Re5g7] [#]} Rad8 28. Qxg7# {Precision: White = 63%, Black = 16%.} 1-0

[Event "22nd Hoogeveen Open 2018"]
[Site "Hoogeveen"]
[Date "2018.10.20"]
[Round "1"]
[White "Iniyan, P."]
[Black "Biermann, Lenhard"]
[Result "*"]
[WhiteElo "2476"]
[BlackElo "2153"]
[Annotator "RC"]
[PlyCount "43"]
[EventDate "2018.10.20"]
[EventType "swiss"]
[EventCountry "NED"]
[SourceTitle "playchess.com"]
[Source "ChessBase"]
[SourceQuality "1"]
[TimeControl "40/5400+30:1800+30"]

1. d4 {[%emt 0:00:00]} e6 {[%emt 0:00:00]} 2. c4 {[%emt 0:00:23]} Nf6 {[%emt 0:00:00]} 3. Nc3 {[%emt 0:00:19]} Bb4 {[%emt 0:00:00]} 4. Nf3 {[%emt 0:00:24]} b6 {[%emt 0:02:03]} 5. e3 {[%emt 0:01:34]} O-O {[%emt 0:02:02]} 6. Bd3 {[%emt 0:00:06]} Bb7 {[%emt 0:02:04]} 7. O-O {[%emt 0:00:11]} d5 {[%emt 0:01:44]} 8. cxd5 {[%emt 0:02:07]} exd5 {[%emt 0:00:58]} 9. Ne5 {[%emt 0:00:30]} Nbd7 {[%emt 0:04:59]} 10. f4 {[%emt 0:01:30]} Ne8 {[%emt 0:18:06]} 11. Qa4 {[%emt 0:01:48]} Nxe5 {[%emt 0:06:21]} 12. fxe5 {[%emt 0:00:11]} Be7 {[%emt 0:01:03]} 13. Bd2 {[%emt 0:01:52]} g6 {[%emt 0:08:43]} 14. e4 {[%emt 0:08:28]} dxe4 {[%emt 0:09:09]} 15. Bxe4 {[%emt 0:00:07]} Bxe4 {[%emt 0:01:21]} 16. Nxe4 {[%emt 0:00:07]} b5 {[%emt 0:01:52]} 17. Qc2 {[%emt 0:00:07]} Qxd4+ {[%emt 0:00:49]} 18. Kh1 {[%emt 0:00:06]} Ng7 {[%emt 0:04:26]} 19. Bh6 {[%emt 0:01:44]} Qxe5 {[%emt 0:07:24]} 20. Rae1 {[%emt 0:03:18]} Nf5 {[%emt 0:10:24]} 21. Bxf8 {[%emt 0:00:43]} Bxf8 {[%emt 0:00:23]} 22. Qc6 {[%emt 0:00:06]} *

[Event "22nd Hoogeveen Open 2018"]
[Site "Hoogeveen"]
[Date "2018.10.20"]
[Round "1"]
[White "Kevlishvili, Robby"]
[Black "Dev, Shah"]
[Result "1-0"]
[WhiteElo "2461"]
[BlackElo "2146"]
[Annotator "TA"]
[PlyCount "77"]
[EventDate "2018.10.20"]
[EventType "swiss"]
[EventCountry "NED"]
[SourceTitle "playchess.com"]
[Source "ChessBase"]
[SourceQuality "1"]

{[%evp 22,77,20,31,69,60,57,29,24,25,93,90,96,95,95,95,95,81,81,57,61,52,74,75,95,95,137,96,146,127,131,95,124,95,96,96,211,182,191,195,188,189,264,246,332,283,325,235,980,979,959,952,822,778,29993,29983,29993,29990]} 1. e4 e5 2. Nf3 Nc6 3. Bb5 a6 4. Ba4 Nf6 5. O-O Nxe4 6. d4 b5 7. Bb3 d5 8. dxe5 Be6 9. Be3 Bc5 10. Bxc5 {C80: Open Ruy Lopez: Sidelines and 9 Nbd2} (10. Qe2 Qe7 11. Rd1 Rd8 12. Nbd2 Bxe3 13. Qxe3 Nc5 14. c3 O-O 15. Nd4 Qd7 16. f4 Ne7 17. Bc2 Na4 18. b3 Nb6 {1-0 (35) Sasikiran,K (2688)-Kvon,A (2500) Helsingor 2017}) 10... Nxc5 11. Nd4 Nxd4 12. Qxd4 {LiveBook: 6 Games. The position is equal.} Nxb3 13. axb3 O-O 14. Nd2 {[%cal Bb1d2,Bd2f3,Bf3d4][%mdl 32]} a5 $146 ({Predecessor:} 14... c5 15. Qxc5 Rc8 16. Qd4 Rxc2 17. Rxa6 Qc7 {½-½ (28) Bures,J (2332)-Kantorik,M (2379) Brezova pod Bradlom 2010}) 15. Qc5 Qd7 (15... Bd7 $11) 16. Nf3 $16 a4 17. b4 c6 18. Nd4 Rfc8 19. Ra3 {[%cal Ba1a3,Ba3c3,Bc3c5][%mdl 32]} Qa7 20. Rc3 Qxc5 21. Rxc5 Bd7 22. Ra1 Ra6 23. f4 Kf8 24. Ra3 Rca8 25. Kf2 Ke7 26. Kf3 h5 27. Kg3 g6 28. Kh4 f6 {[#]} (28... Ke8 $16) 29. e6 $1 $18 {[%cal Re6d7][%mdl 512]} Be8 {[#]} (29... Bxe6 30. Re3) 30. g4 $1 hxg4 31. Kxg4 R8a7 {[#]} (31... Kf8 {might work better.} 32. f5 g5) 32. Rh3 $1 Kd6 33. Rh8 Re7 34. Rf8 f5+ $2 (34... a3 35. bxa3 Rxa3 36. Rxf6 Ra1) 35. Kg5 a3 36. bxa3 Rxa3 37. Kf6 {Intending Rxe8! and mate.} Ra6 38. h4 {[%cal Bh2h4,Bh4h5][%mdl 32]} Rb6 39. h5 {Precision: White = 78%, Black = 23%.} 1-0

[Event "22nd Hoogeveen Open 2018"]
[Site "Hoogeveen"]
[Date "2018.10.20"]
[Round "1"]
[White "Karthikeyan, P.."]
[Black "Vroombout, Enrico"]
[Result "1-0"]
[WhiteElo "2443"]
[BlackElo "2132"]
[Annotator "TA"]
[PlyCount "81"]
[EventDate "2018.10.20"]
[EventType "swiss"]
[EventCountry "NED"]
[SourceTitle "playchess.com"]
[Source "ChessBase"]
[SourceQuality "1"]

{[%evp 27,81,39,43,32,36,37,28,37,68,68,102,105,97,106,111,56,54,0,14,0,116,113,115,112,102,102,104,85,416,421,422,421,416,414,418,407,404,389,407,407,387,363,573,566,881,872,1242,1123,1428,1396,29988,29989,29989,29990,29998,29999]} 1. e4 e6 2. d4 d5 3. Nd2 Nf6 4. e5 Nfd7 5. Bd3 c5 6. c3 Nc6 7. Ne2 cxd4 8. cxd4 f6 9. exf6 Nxf6 10. Nf3 Bd6 11. O-O O-O 12. Bf4 Nh5 13. Bxd6 {C06: French Tarrasch: 3...Nf6 4 e5 Nfd7 5 Bd3 main lines} Qxd6 14. Qd2 Bd7 {LiveBook: 10 Games} 15. Rfe1 {White is slightly better.} (15. Qe3 Nf4 16. Nxf4 Qxf4 17. Rfe1 a6 18. Rad1 g6 19. Bb1 Rac8 20. h3 Rf6 {0-1 (41) Schroeder,J (2529)-Timman,J (2574) Germany 2017}) 15... a6 16. Qe3 Nf4 17. Nxf4 Rxf4 $146 ({Predecessor:} 17... Qxf4 18. Rad1 Rae8 19. Bb1 Re7 20. Ne5 Qxe3 21. Rxe3 Nxe5 22. Rxe5 {1-0 (60) Kasparov,S (2470)-Dowden,R (2090) Brisbane 2017}) 18. g3 Rxf3 19. Qxf3 Nxd4 20. Qh5 $1 {[%cal Rh5h7]} h6 {[#]} 21. Kg2 (21. Kh1 $1 $16) 21... Rf8 $1 $14 {next ...Nf3 is good for Black.} 22. Rad1 ({White should play} 22. f4 $14) 22... Qb4 23. b3 $36 {[%mdl 2048] White has some pressure.} Qa3 (23... Nf3 $11 {keeps the balance.} 24. Re2 Qb6) 24. Qg6 {Hoping for Qh7+.} Rf6 25. Qh7+ Kf7 26. Bg6+ $1 Rxg6 27. Rxd4 Qxa2 $2 {[%mdl 8192]} (27... Qd6 $16 {is tougher.}) 28. Rf4+ $18 Rf6 29. Rxf6+ Kxf6 {[%mdl 4096] Endgame KQR-KQB} 30. Re3 Qb2 31. Rf3+ Ke7 32. Qg8 {[%csl Gf3][%cal Rg8f8]} Be8 33. Qf8+ Kd7 {[#]} 34. Qb4 $1 {[%cal Rb4b7]} b5 (34... Qe5 $142 35. Qxb7+ Qc7) 35. Qc5 Bg6 {intending ...Be4.} 36. Rf8 {Qa7+ would kill now.} Be4+ 37. Kh3 {White wants to mate with Rf7+.} Bf5+ 38. Kh4 {Intending Rf7+ and mate.} Bg6 39. Qa7+ {White mates.} Kd6 40. Rd8+ Kc6 41. Rc8+ {Precision: White = 68%, Black = 39%.} 1-0

[Event "22nd Hoogeveen Open 2018"]
[Site "Hoogeveen"]
[Date "2018.10.20"]
[Round "1"]
[White "Warmerdam, Max"]
[Black "Hilwerda, Jonas"]
[Result "1-0"]
[WhiteElo "2417"]
[BlackElo "2109"]
[Annotator "TA"]
[PlyCount "75"]
[EventDate "2018.10.20"]
[EventType "swiss"]
[EventCountry "NED"]
[SourceTitle "playchess.com"]
[Source "ChessBase"]
[SourceQuality "1"]

{[%evp 18,75,47,49,56,50,59,56,56,37,39,38,35,11,93,88,92,0,0,-14,-5,-19,0,0,67,-42,52,-12,0,-12,0,0,0,-8,-7,-7,5,4,421,386,410,325,719,640,803,797,785,690,887,860,1689,1689,12829,12826,12831,810,12833,12833,12833,11380]} 1. d4 {[%cal Bd2d4,Bd4e5][%mdl 32]} Nf6 2. c4 e5 3. dxe5 Ng4 4. Nf3 Bc5 5. e3 Nc6 6. a3 a5 7. Nc3 Ngxe5 8. Nxe5 Nxe5 9. f4 {A52: Budapest Gambit} Ng6 10. Bd3 {LiveBook: 3 Games} O-O (10... d6 11. O-O f5 12. Rb1 c6 13. b4 axb4 14. axb4 Ba7 15. Kh1 O-O 16. Rf3 Be6 {1-0 (34) Beliavsky,A (2599)-Mamedyarov,S (2646) Sant Lluis 2005}) 11. O-O {White is slightly better.} f5 12. Kh1 d6 13. Qf3 $146 ({Predecessor:} 13. Bd2 Be6 14. Qc2 Qd7 15. e4 Ne7 16. Rae1 Nc6 17. exf5 Bxf5 18. Bxf5 Rxf5 {1-0 (33) Ju,W (2501)-Pourkashiyan,A (2321) Khanty-Mansiysk 2012}) 13... c6 14. Bd2 Be6 15. e4 Qc7 (15... fxe4 $11 16. Nxe4 Ne5 17. fxe5 Rxf3 18. Rxf3 Bg4) 16. exf5 $16 Bxf5 17. Ne4 (17. Bxf5 $16 Rxf5 18. Rae1) 17... Bd4 $11 18. Ng5 Qd7 19. Rae1 ({But not} 19. Qh5 h6 $17) 19... Bxb2 20. Bxf5 $40 {[%mdl 128] Black needs to defend precisely.} Rxf5 (20... Qxf5 $11 21. Qb3 Bf6) 21. Qh3 ({White should play} 21. Qd3 $14) 21... Nf8 (21... h6 $15 22. Ne4 Rf7) 22. Rb1 (22. g4 $14 Rf6 23. f5) 22... Bf6 23. Rxb7 Rxf4 24. Bxf4 Qxb7 25. Bxd6 Bxg5 26. Bxf8 $1 Qc8 27. Qg3 {[#] Strongly threatening Bxg7.} Qxf8 $4 {[%mdl 8192]} (27... Qd7 $11 {and Black has nothing to worry.} 28. Bd6 (28. Qxg5 Rxf8 29. Rxf8+ Kxf8 $11) 28... Qe6) 28. Rxf8+ $18 Rxf8 $11 {[%cal Rf8f1][%mdl 4096] Endgame KQ-KRB} 29. Qe1 Bd2 $2 (29... g6 30. g4 Bf4 31. Qxa5 g5) 30. Qe6+ $18 {White is clearly winning.} Kh8 {[%cal Rf8f1] [#]} 31. g3 Bc1 32. a4 Ba3 {If Black can now play ...c5 this consolidates a bit.} 33. Qxc6 h6 34. c5 {[%cal Bc4c5,Bc5c6][%mdl 32]} Rf1+ 35. Kg2 Rc1 36. Qc8+ Kh7 37. c6 Bd6 38. Qd7 {Precision: White = 51%, Black = 25%.} 1-0

[Event "22nd Hoogeveen Open 2018"]
[Site "Hoogeveen"]
[Date "2018.10.20"]
[Round "1"]
[White "Zwirs, Nico"]
[Black "Van Dorp, Folke"]
[Result "*"]
[WhiteElo "2410"]
[BlackElo "2097"]
[Annotator "TA"]
[PlyCount "49"]
[EventDate "2018.10.20"]
[EventType "swiss"]
[EventCountry "NED"]
[SourceTitle "playchess.com"]
[Source "ChessBase"]
[SourceQuality "1"]

{[%evp 18,49,108,97,168,114,162,171,183,160,182,187,260,111,283,280,344,337,335,334,334,337,337,339,336,328,337,330,351,331,348,325,325,327]} 1. e4 d6 2. d4 Nf6 3. Nc3 e5 4. Nf3 exd4 5. Nxd4 Be7 6. Bf4 O-O 7. Qd2 a6 8. O-O-O Re8 {C41: Philidor Defence} (8... b5 9. f3 c5 10. Nf5 Bxf5 11. exf5 Nc6 12. g4 Nd4 13. Kb1 d5 14. Ne2 Nxe2 15. Bxe2 d4 16. g5 Nd5 17. f6 {1-0 (44) Oparin,G (2569)-Rusev,K (2558) Bol 2015}) 9. f3 Bf8 10. g4 {[%cal Bg2g4,Bg4f5][%mdl 32] LiveBook: 3 Games} Bd7 (10... Nc6 $16 {might work better.}) 11. Nf5 (11. h4 $18) 11... Nc6 12. Bg5 $146 ({Predecessor:} 12. h4 Ne5 13. Be2 Re6 14. Bg5 Ng6 15. h5 Ne5 16. h6 Qc8 17. hxg7 Bxg7 18. Bxf6 Bxf6 19. Qh6 Ng6 20. Qxh7+ Kf8 21. Nd5 Qd8 22. f4 Rxe4 23. Nh6 {1-0 (23) La Valle,L (1800)-Baldini,A (1809) ICCF email 2008}) 12... Ne5 {[#]} 13. Qg2 $1 Bxf5 14. gxf5 c6 {[#]} (14... Ned7 $142 15. a3 c6) 15. Rg1 (15. f4 $1 $18 {is the precise move to win.}) 15... Kh8 $2 (15... Ned7 $16 {keeps fighting.}) 16. f4 $18 Ned7 {[#]} 17. e5 $1 {[%mdl 512]} Nxe5 (17... dxe5 18. Rxd7) 18. fxe5 Rxe5 {[#]} 19. Ne4 $1 {[%mdl 512]} Rxe4 20. Bxf6 $1 Qxf6 21. Qxe4 d5 22. Qf3 Bd6 23. Rg2 Be5 24. c3 b5 25. Kb1 {Precision: White = 59%, Black = 30%.} *

[Event "22nd Hoogeveen Open 2018"]
[Site "Hoogeveen"]
[Date "2018.10.20"]
[Round "1"]
[White "Miedema, David"]
[Black "Jelic, Bruno"]
[Result "1-0"]
[WhiteElo "2379"]
[BlackElo "2076"]
[Annotator "NA"]
[PlyCount "67"]
[EventDate "2018.10.20"]
[EventType "swiss"]
[EventCountry "NED"]
[SourceTitle "playchess.com"]
[Source "ChessBase"]
[SourceQuality "1"]
[TimeControl "40/5400+30:1800+30"]

1. e4 {[%emt 0:00:00]} g6 {[%emt 0:00:00]} 2. d4 {[%emt 0:00:00]} Bg7 {[%emt 0:00:00]} 3. c4 {[%emt 0:00:00]} d6 {[%emt 0:00:21]} 4. Nc3 {[%emt 0:00:00]} Nf6 {[%emt 0:00:27]} 5. Nf3 {[%emt 0:00:00]} O-O {[%emt 0:00:17]} 6. Be2 {[%emt 0:00:00]} Na6 {[%emt 0:00:13]} 7. Bg5 {[%emt 0:00:50]} c6 {[%emt 0:05:28]} 8. O-O {[%emt 0:00:24]} e5 {[%emt 0:08:44]} 9. d5 {[%emt 0:06:41]} h6 {[%emt 0:06:03] LiveBook: 42 Games E94: King's Indian: Classical: 6 Be2 e5 7 0-0: Various Black 7th moves} 10. Be3 {[%emt 0:00:07]} (10. Bh4 Qb6 11. dxc6 bxc6 12. Bxf6 Bxf6 13. Qxd6 Kg7 14. Na4 Qb7 15. Qa3 Rb8 16. b3 Bg4 17. Rad1 {½-½ (36) L'Ami,E (2634)-Gordievsky,D (2622) Wijk aan Zee 2018}) 10... Ng4 {[%emt 0:01:04]} 11. Bc1 {[%emt 0:00:14]} f5 {[%emt 0:00:43]} 12. exf5 {[%emt 0:00:30]} gxf5 {[%emt 0:00:25]} 13. g3 {[%emt 0:00:24]} Nc5 $146 {[%emt 0:18:22]} ({Predecessor:} 13... Nf6 14. Nh4 Nc5 15. Be3 cxd5 16. cxd5 {1-0 (39) Altrichter,U (2432)-Ritsema,R (2409) ICCF email 2015}) 14. Nh4 {[%emt 0:04:00]} e4 {[%emt 0:07:53]} 15. Nxf5 {[%emt 0:19:54]} Nxf2 {[%emt 0:02:13]} 16. Nxh6+ {[%emt 0:04:17]} Bxh6 {[%emt 0:00:54]} 17. Rxf2 {[%emt 0:01:06]} Rxf2 {[%emt 0:02:38]} 18. Bxh6 {[%emt 0:00:26]} Rf7 {[%emt 0:03:13]} 19. Qd2 {[%emt 0:07:12]} Bf5 {[%emt 0:07:38]} 20. Rf1 {[%emt 0:01:55]} Bg6 {[%emt 0:02:53]} 21. Rxf7 $14 {[%emt 0:01:04]} Kxf7 {[%emt 0:03:21]} 22. b4 {[%emt 0:09:48]} Nd3 {[%emt 0:04:51]} 23. Nxe4 {[%emt 0:02:27]} Bxe4 {[%emt 0:04:05]} 24. Bxd3 {[%emt 0:00:13]} cxd5 {[%emt 0:01:34]} 25. cxd5 {[%emt 0:07:57]} Bxd3 {[%emt 0:05:03]} 26. Qxd3 {[%emt 0:00:02]} Qe7 {[%emt 0:10:52]} 27. h4 {[%emt 0:07:19]} Ke8 {[%emt 0:02:57]} 28. Bg5 {[%emt 0:01:01]} Qe1+ {[%emt 0:00:39]} 29. Kg2 {[%emt 0:00:07]} Kd7 {[%emt 0:00:21]} 30. Qh7+ {[%emt 0:00:53]} Kc8 {[%emt 0:01:00]} 31. Qf7 {[%emt 0:04:46]} Qe2+ {[%emt 0:00:46]} 32. Kh3 {[%emt 0:00:03]} a5 {[%emt 0:00:27]} 33. bxa5 {[%emt 0:00:48]} Rxa5 {[%emt 0:00:21]} 34. Qf8+ {[%emt 0:00:05]} 1-0